000 00411nam a22001697a 4500
003 MPLRDC
005 20220104143216.0
008 210129b ||||| |||| 00| 0 eng d
082 _a805.133 JJM
100 _a江建名编纂
245 _a汉英分类词汇
_c
250 _a一版一刷
260 _a
_b科学普及出版社
_c1984
300 _b
650 _a汉英词典
942 _cBK
_o805.133 JJM
999 _c37665
_d37655